| 000 | 004290000a22001810004500 | ||
|---|---|---|---|
| 003 | MACL | ||
| 005 | 20151018163148.0 | ||
| 008 | 151018b xxu||||| |||| 00| 0 eng d | ||
| 040 |
_aMACL _cMACL |
||
| 041 | _aEnglish | ||
| 082 | _a954/DAS | ||
| 100 |
_aDas Amita _915954 |
||
| 245 | _aIndia Impact Of The West | ||
| 260 |
_bPopular Prakashan _c1994 _aBombay |
||
| 350 | _a225 | ||
| 650 |
_aHistory _915955 |
||
| 942 |
_cBK _k954 _2ddc |
||
| 999 |
_c2395 _d2395 |
||